Turbulence /

Hlavní autor: Szalay, David, 1974-
Jazyk: Angličtina
Vydáno: London : Vintage, 2019
Vydání: First published
Témata:
Fyzický popis: 135 stran ; 20 cm
Knihy
Uloženo v:
LEADER 00979nam a2200301 i 4500
001 001778702
003 CZ BrMZK
005 20210519141702.0
007 ta
008 201202s2019 xxk g 000 j eng
020 |a 978-1-529-11197-2  |q (brožováno) 
040 |a BOA001  |b cze  |e rda 
072 7 |a 821.111-3  |x Anglická próza, anglicky psaná  |2 Konspekt  |9 25 
080 |a 821.111-32  |2 MRF 
080 |a (0:82-32)  |2 MRF 
100 1 |a Szalay, David,  |d 1974-  |7 mub2016935125  |4 aut 
245 1 0 |a Turbulence /  |c David Szalay 
250 |a First published 
264 1 |a London :  |b Vintage,  |c 2019 
300 |a 135 stran ;  |c 20 cm 
336 |a text  |b txt  |2 rdacontent 
337 |a bez média  |b n  |2 rdamedia 
338 |a svazek  |b nc  |2 rdacarrier 
655 7 |a anglické povídky  |7 fd131811  |2 czenas 
910 |a BOA001  |b 1-1458.464 
990 |a BK 
991 |b 202105  |c NOV  |x 99 
996 7 |b 2610844497  |c 1-1458.464  |l Anglická knihovna/2.patro  |r ZHR  |n 5  |p kupz  |h F-sza  |w 001836996  |u 000010  |a 0  |e BOA001  |j MZK50  |s A